CYBER SECURITY (Record no. 216451)

MARC details
000 -LEADER
fixed length control field 00491nam a22001697a 4500
008 - FIXED-LENGTH DATA ELEMENTS--GENERAL INFORMATION
fixed length control field 260113b |||||||| |||| 00| 0 eng d
020 ## - INTERNATIONAL STANDARD BOOK NUMBER
International Standard Book Number 978-1-536-15-936-3
050 ## - LIBRARY OF CONGRESS CALL NUMBER
Classification number QA 76.9.A25 C93 2019
100 ## - MAIN ENTRY--PERSONAL NAME
Personal name SIEVIER CHRISTIAN
245 ## - TITLE STATEMENT
Title CYBER SECURITY
Remainder of title BACKGROUND,RISK MANAGEMENT AND FEDERAL POLICIES
260 ## - PUBLICATION, DISTRIBUTION, ETC.
Place of publication, distribution, etc. NEWYORK
Name of publisher, distributor, etc. SNOVA
Date of publication, distribution, etc. 2019
300 ## - PHYSICAL DESCRIPTION
Extent C,193
500 ## - GENERAL NOTE
General note includes an index
650 ## - SUBJECT ADDED ENTRY
Topical term or geographic name entry element Computer security -united states
942 ## - ADDED ENTRY ELEMENTS (KOHA)
Source of classification or shelving scheme Library of Congress Classification
Koha item type Long Loan Book
Holdings
Withdrawn status Lost status Source of classification or shelving scheme Damaged status Not for loan Collection Home library Current library Shelving location Date acquired Inventory number Total checkouts Full call number Barcode Date last seen Copy number Price effective from Koha item type
    Library of Congress Classification     Science & Technology Kisii University Library Kisii University Library On Display 01/13/2026 110906   QA 76.9.A25 C93 2019 000000021634 01/13/2026 C.3 01/13/2026 Long Loan Book
    Library of Congress Classification     Science & Technology Kisii University Library Kisii University Library On Display 01/13/2026 110905   QA 76.9.A25 C93 2019 000000020958 01/13/2026 C.2 01/13/2026 Long Loan Book
    Library of Congress Classification     Science & Technology Kisii University Library Kisii University Library On Display 01/13/2026 110904   QA 76.9.A25 C93 2019 000000020957 01/13/2026 C.1 01/13/2026 Long Loan Book